| 000 -LEADER |
| fixed length control field |
03378cam a2200349 a 4500 |
| 001 - CONTROL NUMBER |
| control field |
15292105 |
| 005 - DATE AND TIME OF LATEST TRANSACTION |
| control field |
20240202102331.0 |
| 008 - FIXED-LENGTH DATA ELEMENTS--GENERAL INFORMATION |
| fixed length control field |
080507s2008 nyua b 001 0 eng |
| 010 ## - LIBRARY OF CONGRESS CONTROL NUMBER |
| LC control number |
2008273687 |
| 020 ## - INTERNATIONAL STANDARD BOOK NUMBER |
| International Standard Book Number |
9780307389008 X (pbk.) |
| 040 ## - CATALOGING SOURCE |
| Original cataloging agency |
DLC |
| Transcribing agency |
DLC |
| 043 ## - GEOGRAPHIC AREA CODE |
| Geographic area code |
n-us--- |
| 050 00 - LIBRARY OF CONGRESS CALL NUMBER |
| Classification number |
JK468.I6 |
| Item number |
W44 2008 |
| 080 ## - UNIVERSAL DECIMAL CLASSIFICATION NUMBER |
| Universal Decimal Classification number |
342.511(73)+355 W-42 |
| 100 1# - MAIN ENTRY--PERSONAL NAME |
| Personal name |
Weiner, Tim. |
| 9 (RLIN) |
21182 |
| 245 10 - TITLE STATEMENT |
| Title |
Legacy of ashes : |
| Remainder of title |
the history of the CIA / |
| Statement of responsibility, etc. |
Tim Weiner ; [with a new afterword]. |
| 250 ## - EDITION STATEMENT |
| Edition statement |
1st Anchor Books ed. |
| 260 ## - PUBLICATION, DISTRIBUTION, ETC. |
| Place of publication, distribution, etc. |
New York : |
| Name of publisher, distributor, etc. |
Anchor Books, |
| Date of publication, distribution, etc. |
2008. |
| 300 ## - PHYSICAL DESCRIPTION |
| Extent |
xxii, 812 p. : |
| Other physical details |
ill. ; |
| Dimensions |
21 cm. |
| 504 ## - BIBLIOGRAPHY, ETC. NOTE |
| Bibliography, etc. note |
Includes bibliographical references (p. [607]-778) and index. |
| 505 0# - FORMATTED CONTENTS NOTE |
| Formatted contents note |
"In the beginning, we knew nothing" : the CIA under Truman, 1945-1953 -- "A strange kind of genius" : the CIA under Eisenhower, 1953 to 1961 -- Lost causes : the CIA under Kennedy and Johnson, 1961 to 1968 -- "Get rid of the clowns" : the CIA under Nixon and Ford, 1968 to 1977 -- Victory without joy : the CIA under Carter, Reagan, and George H.W. Bush, 1977 to 1993 -- The reckoning : the CIA under Clinton and George W. Bush, 1993 to 2007. |
| 505 0# - FORMATTED CONTENTS NOTE |
| Formatted contents note |
Intelligence must be global and totalitarian -- The logic of force -- Fight fire with fire -- The most secret thing -- A rich blind man -- They were suicide missions -- A vast field of illusion -- We have no plan -- CIA's greatest single triumph -- Bomb repeat bomb -- And then we'll have a storm -- We ran it in a different way -- Wishful blindness -- Ham-handed operations of all kinds -- A very strange war -- He was lying down and he was lying up -- Nobody knew what to do -- We had also fooled ourselves -- We'd be delighted to trade those missiles -- Hey, boss, we did a good job, didn't we? -- I thought it was a conspiracy -- An ominous drift -- More courage than wisdom -- The beginning of a long slide downwards -- We knew then that we could not win the war -- A political H-bomb -- Track down the foreign communists -- What the hell do those clowns do out there in Langley? -- USG wants a military solution -- We are going to catch a lot of hell -- To change the concept of a secret service -- A classic fascist ideal -- The CIA would be destroyed -- Saigon signing off -- Ineffective and scared -- He sought to overthrow their system -- We were just plain asleep -- A free-lance buccaneer -- In a dangerous way -- He was running a great risk -- A con man's con man -- To think the unthinkable -- What are we going to do when the wall comes down? -- We had no facts -- Why in the world didn't we know? -- We're in trouble -- The threat could not be more real -- The dark side -- A grave mistake -- The burial ceremony. |
| 610 10 - SUBJECT ADDED ENTRY--CORPORATE NAME |
| Corporate name or jurisdiction name as entry element |
United States. |
| Subordinate unit |
Central Intelligence Agency |
| General subdivision |
History. |
| 9 (RLIN) |
21183 |
| 650 #0 - SUBJECT ADDED ENTRY--TOPICAL TERM |
| Topical term or geographic name entry element |
Intelligence service |
| Geographic subdivision |
United States |
| General subdivision |
History. |
| 9 (RLIN) |
21184 |
| 651 #0 - SUBJECT ADDED ENTRY--GEOGRAPHIC NAME |
| Geographic name |
United States |
| General subdivision |
History |
| Chronological subdivision |
1945- |
| 9 (RLIN) |
21185 |
| 653 ## - INDEX TERM--UNCONTROLLED |
| keyword |
შეერთებული შტატები ისტორია |
| 653 ## - INDEX TERM--UNCONTROLLED |
| keyword |
დაზვერვის სამსახური |
| 653 ## - INDEX TERM--UNCONTROLLED |
| keyword |
სამართალი |
| 906 ## - LOCAL DATA ELEMENT F, LDF (RLIN) |
| a |
7 |
| b |
cbc |
| c |
origcop |
| d |
1 |
| e |
ncip |
| f |
20 |
| g |
y-gencatlg |
| 942 ## - ADDED ENTRY ELEMENTS (KOHA) |
| Source of classification or shelving scheme |
|
| Koha item type |
წიგნი |